000 00892nam a22002297a 4500
005 20240530110335.0
008 140906s2007 ua o gr 000 0 ara d
017 _a23872/2007
_bالقاهرة : دار الكتب المصرية
020 _a9774375246
040 _aEG-CaGPL
082 0 4 _221
_a916.218
_bق/م أ
110 _aمحافظة القليوبية
245 1 2 _aالاثار الاسالمية والقبطية فى محافظة القليوبية /
_cمحافظة القليوبية
250 _aط1
260 _aالقاهرة :
_bالمجلس الاعلى للاثار ،
_c2007
300 _a143 ص ،
_bصور لو ؛
_c24 سم
650 0 7 _aالاثار الاسلامية
650 0 7 _aالاثار القبطية
651 0 7 _aالقليوبية
_xالاثار الاسلامية
651 0 7 _aالقليوبية
_xالاثار القبطية
942 _2ddc
_cBK
999 _c59769
_d59769